Zdaňovanie motorových vozidiel vo vybraných krajinách bakalárska práca

Na minha lista:
Detalhes bibliográficos
Autor principal: Turanská, Emma
Autor Corporativo: Fakulta podnikového manažmentu EU. Katedra podnikových financií
Outros Autores: Ďurinová, Ivona, 1964-
Formato: Livro
Idioma:eslovaco
Publicado em: Bratislava 2025
Tags: Adicionar Tag
Sem tags, seja o primeiro a adicionar uma tag!

MARC

LEADER 00000nbm a2200000 4500
001 0309966
005 20260108095526.3
041 0 |a slo 
044 |a SK 
245 1 0 |a Zdaňovanie motorových vozidiel vo vybraných krajinách  |b bakalárska práca  |c Emma Turanská ; školiteľ: Ivona Ďurinová 
264 1 |a Bratislava  |c 2025 
300 |a 65 s. 
100 1 |a Turanská, Emma 
700 1 |a Ďurinová, Ivona, 1964- 
710 2 |a Fakulta podnikového manažmentu EU. Katedra podnikových financií